Online
Catalog

Derecho constitucional ecuatoriano / (Record no. 1962)

MARC details
000 -CABECERA
campo de control de longitud fija 00595cam a2200193 a 4500
001 - NÚMERO DE CONTROL
campo de control 000002104
005 - FECHA Y HORA DE LA ÚLTIMA TRANSACCIÓN
campo de control 20200929145832.0
008 - DATOS DE LONGITUD FIJA--INFORMACIÓN GENERAL
campo de control de longitud fija 820120s1979 sp b 001 0 spa
082 ## - NÚMERO DE LA CLASIFICACIÓN DECIMAL DEWEY
Número de clasificación 342.866
Número de documento/Ítem B734d
040 ## - FUENTE DE LA CATALOGACIÓN
Centro catalogador/agencia de origen DO-SdBNP
100 1# - ENTRADA PRINCIPAL--NOMBRE DE PERSONA
Nombre de persona Borja y Borja, Ramiro.
9 (RLIN) 6760
245 10 - MENCIÓN DE TÍTULO
Título Derecho constitucional ecuatoriano /
Mención de responsabilidad, etc. Ramiro Borja y Borja.
260 ## - PUBLICACIÓN, DISTRIBUCIÓN, ETC.
Lugar de publicación, distribución, etc. Madrid :
Nombre del editor, distribuidor, etc. Cultura Hipánica,
Fecha de publicación, distribución, etc. [1979].
300 ## - DESCRIPCIÓN FÍSICA
Extensión 2.t ;
Dimensiones 22 cm.
500 ## - NOTA GENERAL
Nota general La biblioteca posee el tomo 1
650 #4 - PUNTO DE ACCESO ADICIONAL DE MATERIA--TÉRMINO DE MATERIA
Término de materia o nombre geográfico como elemento de entrada Derecho constitucional
Subdivisión geográfica Ecuador
9 (RLIN) 6761
910 ## - DATOS DE OPCIÓN DEL USUARIO (OCLC)
Datos de opción del usuario Catalogación por copia / LC
910 ## - DATOS DE OPCIÓN DEL USUARIO (OCLC)
Datos de opción del usuario WM
999 ## - NÚMEROS DE CONTROL DE SISTEMA (KOHA)
-- 0000097
Holdings
Estado de retiro Estado de pérdida Restricciones de uso No para préstamo Código de colección Localización permanente Ubicación/localización actual Ubicación en estantería Fecha de adquisición Número de inventario Total de préstamos Signatura topográfica completa Código de barras Fecha visto por última vez Precio válido a partir de Tipo de ítem Koha
    Préstamo interno   Monografías: Libros y Folletos General General Depósito 22.09.2009 LF1   342.866 B734d | t.1 2104-10 25.06.2020 25.06.2020 Préstamo interno

Powered by Koha